01010nam a22002177a 45000010005000000030006000050050017000110080041000280400030000690500009000990820009001081000019001172450049001362600052001853000058002375050007002955200389003025210027006915210018007186500056007367092FISKH20250620142840.0250620b cb ||||| |||| 00| 0 eng d aFISKH bengcFISKHdFISKH aPZ7  a597  aByrnes, Trish  aIn the ocean : bMy favorite animal places / aLinden : bBetter Than Broccoli Books, c2004.  a10 unnumbered pages : bcolor illustrations ; c17 cm aE  aThis board book introduces young children to ocean environments and the animals that live in them. Each page features a short sentence about a specific sea creature (like fish, crabs, seahorses, or dolphins) and a brightly colored illustration. The focus is on animal identification, habitat awareness, and visual engagement, helping toddlers learn basic concepts about marine life. 8 a200 bLexile estimate 8 aE bRaz-Plus  aAnimals vBoard bookxOcean animals ySea creatures